02146cam a22004814i 4500003000900000005001700009008004100026020001500067035002700082040003300109049000900142082002100151100003200172245006300204264006700267300003800334336002100372337002500393338002300418504003900441505047200480526001000952526001000962526001000972526001000982526000800992526000801000526000801008526000801016526000801024526000801032526000801040630006701048650000501115910001801120942001401138949012801152994001401280596000601294999015301300980005501453952015601508PE-LiUPU20250731173553.0150616s r 000 0 d a080280442X a(Sirsi) i9780802804426 aPE-LiUPUbspacPE-LiUPUerda aPRUA04a227.306bH142211 aHafemann, Scott J.,eautor.10aSuffering and Ministry in the Spirit /cScott J. Hafemann. 1aGrand Rapids, Michigan :bWilliam B. Eerdmans Pub. Co.,c1990. a261 páginas ;c22 centímetros atext2rdacontent aunmediated2rdamedia avolume2rdacarrier aBibliografía: páginas 234-252.0 aThe purpose and method of the study.- "Led unto death": the meanig and function of Paul's thanksgiving in II Corinthians 2:14a.- The apostle Paul as the sacrificial aroma of Christ.- The question of Paul's sufficiency and a working hypothesis concerning its background in biblical and jewish tradition.- Paul'sministry of the spirit as corrobatory evidence of his sufficiency.- Conclusion: suffering and the spirit as the twin pillar of Paul's apostolic self-defense. aSEG42 aSEG41 aSEG40 aSEG39 aP94 aP87 aP86 aP85 aP77 aP76 aP35 aBiblia.pN.T.pCorintios IIxCrítica, interpretación, etc.04a ajckbjvqcjck 2ddccBOOK a227.306 H14wDEWEYc1i43296lCCODEBUL1mBULr0sYtBOOKu2015-6-16xTEOLOGIAzUNKNOWN0COMPRAo.STAFF. Colección General aC0bPEPRU a1 a227.306 H14wDEWEYc61263i43296f2021-11-9g5lCCODEBUL1mBULr0sYtBOOKu2015-6-16xTEOLOGIAzUNKNOWN0COMPRAo.STAFF. Colección Generald61263 81gALBERTO SANCHEZ Responsable de Automatización r2025-12-03 00:00:00i6l0o227.306 H14p43296te1w2015-06-16xPGyBKzinventario-2023-12-13102ddc50708GENfP87aBULbBULcGENd2015-06-16eCOMPRA